[Event "POL-chT 2nd League-3 2020"]
[Site "Poronin"]
[Date "2020.09.10"]
[Round "6.19"]
[White "Luba, Lukasz"]
[Black "Daniel, Damian"]
[Result "1/2-1/2"]
[WhiteElo "2212"]
[BlackElo "2176"]
[Annotator "TA"]
[PlyCount "68"]
[EventDate "2020.09.05"]
[EventType "team-tourn"]
[EventCountry "POL"]
[SourceTitle "playchess.com"]
[Source "ChessBase"]
[SourceQuality "1"]

{[%evp 10,68,82,31,27,11,39,16,16,10,16,0,0,-13,-2,-66,-55,-80,-73,-70,-27,-27,-27,-27,-27,-31,-27,-27,0,-52,-60,-33,112,-12,-29,-99,-72,-53,-58,-77,0,0,0,-6,0,0,0,0,0,0,12,0,0,0,0,0,0,0,0,-78,-86]} 1. d4 Nf6 2. c4 Nc6 3. Nc3 e5 4. d5 Ne7 5. e4 Ng6 6. Be3 (6. h4 $16) 6... Bb4 $14 {A50: Queen's Fianchetto Defence (1 d4 Nf6 2 c4 b6).} 7. Bd3 Qe7 8. g3 {[#]} Bxc3+ $146 {The position is equal.} ({Predecessor:} 8... O-O 9. f3 Bc5 10. Bxc5 Qxc5 11. Qd2 a5 12. Qf2 Qe7 13. Nge2 d6 14. g4 Nd7 {½-½ (65) Vacek,R (2105)-Purnoch,J (2148) Czechia 2005}) 9. bxc3 d6 10. h3 O-O 11. Qd2 Nd7 12. g4 (12. h4 $11) 12... Nc5 13. Bc2 b6 14. f3 a5 {[#]} 15. h4 $1 {[%mdl 512]} Ba6 ({And not} 15... Nxh4 16. g5 $16) 16. h5 Nf4 17. Bxf4 exf4 18. Ne2 Bxc4 19. h6 ({White should try} 19. Nxf4 $11 Qg5 20. Ng2) 19... Bxe2 $1 $15 20. hxg7 Kxg7 (20... Bxf3 $15 21. gxf8=B Rxf8) 21. Qxf4 {[#]} (21. Kxe2 $16 f6 22. Qxf4) 21... f5 $1 $11 22. Qh6+ ({Much worse is} 22. Kxe2 fxe4 23. Qh6+ Kh8 $17) (22. gxf5 $11 Bb5 23. Qd2) (22. exf5 Bxf3+) 22... Kh8 23. Kxe2 fxe4 24. f4 Rf6 ({Black should play} 24... Qd7 $17 25. f5 Qb5+ 26. Kd2 Rf7) 25. Qg5 $1 Raf8 26. Rh5 R6f7 {And now ...Qxg5 would win.} (26... R8f7 {looks sharper.} 27. Rah1 Rg7 28. Qh4 b5 29. Ke3 Kg8) 27. Qxe7 Rxe7 28. Ke3 b5 29. Rah1 Kg8 30. g5 Rf5 31. Rd1 Kg7 32. Rd4 Rf8 33. Rh4 Kg8 34. Bxe4 {[#]} (34. Rh6 $11 {keeps the balance.}) 34... Rfe8 $1 {Accuracy: White = 80%, Black = 74%.} 1/2-1/2

[Event "POL-chT 2nd League-3 2020"]
[Site "Poronin"]
[Date "2020.09.10"]
[Round "6.20"]
[White "Stankiewicz, Pawel"]
[Black "Laszewicz, Pawel"]
[Result "0-1"]
[WhiteElo "2111"]
[BlackElo "2150"]
[Annotator "TA"]
[PlyCount "42"]
[EventDate "2020.09.05"]
[EventType "team-tourn"]
[EventCountry "POL"]
[SourceTitle "playchess.com"]
[Source "ChessBase"]
[SourceQuality "1"]

{[%evp 9,41,41,58,11,22,0,0,0,0,-8,-3,-21,-8,-14,26,-24,-24,-24,-32,-38,-45,-45,-45,-627,-627,-1071,-1111,-1066,-1056,-29996,-29997,-29997,-29998,-29999]} 1. e4 e5 2. Nf3 Nc6 3. Bb5 g6 4. O-O Bg7 5. c3 Nf6 6. Bxc6 {C60: Ruy Lopez: Unusual Black 3rd moves and 3...g6.} dxc6 7. Nxe5 Nxe4 8. Re1 {[#] The position is equal.} Bf5 $146 ({Wrong is} 8... Bxe5 $2 9. Rxe4 Qd5 10. Qe1 $18) ({But not} 8... Qh4 $2 9. g3 $18) ({Predecessor:} 8... f5 9. d4 O-O 10. f3 Bxe5 11. dxe5 Nc5 12. b4 Nd3 13. Qb3+ Qd5 14. c4 Nxc1 {0-1 (40) Fiacan,R (2170)-Zuberec,M Slovakia 2000}) 9. Nxc6 bxc6 10. f3 {[%mdl 64] Pin} Qh4 11. g3 Qh3 {White must now prevent ...Be5.} 12. d3 {[%mdl 64] Pin} O-O-O 13. fxe4 Bg4 $36 {[%mdl 2048] Black is more active.} 14. Qc2 $1 h5 $1 {[%cal Rh5h4] Threatens to win with ...h4.} 15. Bf4 $1 h4 {...g5! is the strong threat.} 16. Nd2 $2 {[%mdl 8192] [#] This costs White the game.} (16. Re3 $15) 16... g5 $1 $19 {[%cal Rg5f4][%mdl 576] Deflection} 17. Bxg5 hxg3 18. Nf1 {[#]} Be5 $1 {[%cal Rg3h2][%mdl 512]} 19. Bxd8 gxh2+ {Black mates.} 20. Nxh2 Bxh2+ 21. Kf2 Qf3# {Accuracy: White = 51%, Black = 89%.} 0-1

[Event "POL-chT 2nd League-3 2020"]
[Site "Poronin"]
[Date "2020.09.10"]
[Round "6.21"]
[White "Machlowski, Slawomir"]
[Black "Szmyd, Marek"]
[Result "0-1"]
[WhiteElo "2098"]
[BlackElo "1874"]
[Annotator "TA"]
[PlyCount "122"]
[EventDate "2020.09.05"]
[EventType "team-tourn"]
[EventCountry "POL"]
[SourceTitle "playchess.com"]
[Source "ChessBase"]
[SourceQuality "1"]

{[%evp 9,122,16,16,18,21,12,10,8,0,-18,-8,-20,0,-21,52,46,28,0,0,-16,-38,-39,39,58,12,-8,101,95,141,12,10,0,0,0,-4,0,48,46,50,61,43,43,48,38,72,71,139,42,128,24,32,28,107,22,37,0,8,0,0,0,0,0,0,0,265,262,263,255,259,252,227,166,166,166,166,166,152,87,85,70,207,70,302,71,70,70,266,71,71,71,284,70,70,70,70,70,70,70,70,70,70,-14,-14,-14,-14,-14,-14,-14,-14,-14,-14,-192,-192,-29985,-22]} 1. g3 e5 2. c4 Nc6 3. Bg2 Bc5 4. Nc3 d6 5. e3 Bf5 6. d3 {A25: English Opening vs King's Indian with ...Nc6 but without early d3.} Nge7 7. Nge2 Qd7 8. h3 {The position is equal.} O-O {[#]} 9. d4 $146 ({Predecessor:} 9. a3 a5 10. d4 exd4 11. exd4 Ba7 12. Be3 Bg6 13. g4 f5 14. Qd2 a4 15. Nf4 {0-1 (29) Toth,C (2366)-Cordova,E (2561) Rio de Janeiro 2011}) 9... exd4 10. exd4 Bb6 11. a3 Rfe8 (11... Na5 $11) 12. g4 $14 Bg6 13. O-O h5 14. b4 {aiming for c5.} hxg4 15. hxg4 a5 (15... Qxg4 $15 16. c5 dxc5) 16. b5 Nd8 17. Ng3 Ne6 (17... Qe6 $11) 18. Be3 $16 c5 {[%cal Rc5d4]} 19. bxc6 ({White should play} 19. Na4 $16 Qc7 20. Nxb6 Qxb6 21. dxc5 dxc5 22. Qd7) 19... bxc6 $11 20. Na4 Ba7 21. d5 cxd5 22. cxd5 Nc5 23. Nxc5 Bxc5 24. Bxc5 dxc5 25. d6 Nc6 26. Rc1 Rad8 27. Rxc5 Ne5 (27... Ne7 $142) 28. Rd5 (28. Rxa5 $6 Qxd6 29. Qxd6 Rxd6 $11) (28. f4 $1 $16 {[%cal Rf4e5]} Qa7 29. Qd4) 28... Nxg4 (28... Re6 $1 $14) 29. Re1 ({Of course not} 29. Rxa5 $6 Nf6 $11) (29. Bh3 $1 $16 {[%cal Rh3g4]} f5 30. Re1 (30. Rxa5 Ne5 $14) 30... Rxe1+ 31. Qxe1) 29... Nf6 30. Re7 Qg4 (30... Qc6 $11 {remains equal.} 31. Rde5 (31. Rxa5 Rxd6 32. Rxe8+ Qxe8 $11) 31... Rxe7 32. Bxc6 Rxe5) 31. Bf3 ({Better is} 31. Qxg4 $16 Nxg4 32. Rxe8+ (32. Rxa5 Kf8 $16) 32... Rxe8 33. Rxa5) 31... Qc4 32. Rd4 Qc5 33. Rxe8+ Nxe8 34. d7 $36 {[%mdl 2048] White has the initiative.} Nf6 35. Qa4 Bc2 36. Qc4 Qxc4 $4 {[%mdl 8192]} (36... Qb6 $1 $11 {and Black stays safe.}) 37. Rxc4 $18 {Strongly threatening Rc8.} Rxd7 38. Rxc2 Rd3 39. Rc8+ Kh7 40. Be4+ Nxe4 41. Nxe4 Rxa3 {[%mdl 4096] Endgame KRN-KR} 42. Ra8 f5 43. Nc5 (43. Nd6 $142) 43... g5 $16 44. Kg2 Ra2 (44... g4 $14) 45. Nb3 (45. Ra6 $1 $18) 45... a4 $2 (45... f4 $14) 46. Nc5 $2 (46. Nd4 $18 {and the rest is easy.}) 46... a3 47. Nd3 f4 $2 ({Black should try} 47... g4 $14) 48. Ra6 $2 (48. Kf3 $18 {and White stays clearly on top.}) 48... Ra1 49. f3 Kg7 $2 (49... Kg8 $16) 50. Ne5 $2 (50. Nc5 $1 $18) 50... a2 $14 51. Ng4 {Nf2 is the strong threat.} Kf7 52. Nf2 {Threatens to win with Nh3.} Ke7 53. Nh3 g4 $1 {[%cal Rg4h3]} 54. fxg4 f3+ $1 55. Kh2 ({Don't play} 55. Kxf3 $6 Rf1+ 56. Ke4 a1=Q $11) (55. Kg3 $14 f2 56. Kxf2) 55... Re1 $1 $11 56. Rxa2 (56. Ra7+ {is more complex.} Kd6 57. Ra6+ Kc7 58. Kg3 a1=Q 59. Rxa1 Rxa1 60. Ng5) 56... Re2+ {[%mdl 64] Double Attack} 57. Nf2 Rxa2 58. Kg3 Ra3 59. Kf4 Kf6 60. Kg3 $2 {[#]} (60. Ne4+ $11 {and White is okay.} Ke7 61. Kg3) 60... Ke5 $1 $19 61. Nh3 $2 {[#]} (61. g5 $19) 61... Ra1 $2 {[%mdl 32768] Never resign too early! Accuracy: White = 50%, Black = 58%. . Loss on time!?} (61... f2+ $1 {mates} 62. Kxf2 Rxh3 63. g5 Kf5 64. g6 Kxg6 65. Kg2 Re3 66. Kf2 Re5 67. Kg3 Kg5 68. Kf3 Re8 69. Kg2 Kg4 70. Kf2 Re7 71. Kg2 Rf7 72. Kh2 Kf3 73. Kh1 Kf2 74. Kh2 Rh7#) 0-1

[Event "POL-chT 2nd League-3 2020"]
[Site "Poronin"]
[Date "2020.09.10"]
[Round "6.22"]
[White "Borowski, Przemyslaw"]
[Black "Majocha, Piotr"]
[Result "0-1"]
[WhiteElo "1842"]
[BlackElo "2047"]
[Annotator "TA"]
[PlyCount "64"]
[EventDate "2020.09.05"]
[EventType "team-tourn"]
[EventCountry "POL"]
[SourceTitle "playchess.com"]
[Source "ChessBase"]
[SourceQuality "1"]

{[%evp 9,64,5,36,28,37,35,28,20,29,29,37,26,21,7,12,10,31,19,10,-46,-20,-53,0,-85,-92,-83,-96,-132,-119,-114,-97,-104,-98,-108,-100,-95,0,0,0,-95,80,-240,-242,-231,-235,-1112,-1130,-1095,-1090,-1648,-1641,-29990,-29991,-29991,-29992,-29993,-29993]} 1. d4 Nf6 2. Bg5 Ne4 3. h4 d5 4. Nd2 Nxd2 5. Qxd2 c6 6. e3 {A45: Trompowsky Attack.} h6 7. Bf4 Bf5 8. f3 {White has an edge.} e6 9. g4 Bg6 {[#]} 10. h5 $146 ({Predecessor:} 10. Ne2 Bd6 11. O-O-O Qc7 12. Bxd6 Qxd6 13. Nf4 Bh7 14. g5 Nd7 15. Rg1 e5 16. Nh5 {1-0 (34) Piket,J (2605)-Miles,R Sremic Krsko 1998}) 10... Bh7 11. Bd3 Bxd3 12. Qxd3 Bd6 13. Bxd6 Qxd6 14. f4 (14. Ne2 $11) 14... Qb4+ $15 15. Kf2 Nd7 ({Better is} 15... Qxb2 $15 16. Nf3 Qb6) 16. a3 (16. Nf3 $11) 16... Qxb2 $17 17. Nf3 {Hoping for Rhb1.} Qb6 18. g5 O-O-O 19. a4 Qc7 20. a5 c5 21. g6 c4 22. Qa3 f6 ({Black should try} 22... fxg6 $17 {White must now prevent ...g5!} 23. hxg6 Rhe8) 23. Rab1 $11 Rhe8 24. Rb4 {[#]} (24. Rb5 $11 {keeps the balance.}) 24... e5 $2 {[#]} (24... Nb8 $1 $17 {stays on course.} 25. Rhb1 Qe7) 25. f5 $2 {[%mdl 8192] Loses the game.} (25. Rhb1 $1 $16 {keeps the pressure on.} exf4 26. exf4) 25... exd4 $19 26. Nxd4 Nc5 {And now ...Ne4+ would win.} 27. Nb5 $2 (27. Rh3) 27... Ne4+ 28. Ke2 Qg3 29. Nxa7+ Kb8 {( -> ...Qf2+)} 30. Rxb7+ Kxb7 {Black mates.} 31. Qb4+ Ka8 32. a6 Qg2+ {Accuracy: White = 45%, Black = 79%.} 0-1

[Event "POL-chT 2nd League-3 2020"]
[Site "Poronin"]
[Date "2020.09.10"]
[Round "6.23"]
[White "Szydelko, Michal"]
[Black "Reichel, Lukasz"]
[Result "1-0"]
[WhiteElo "1877"]
[BlackElo "1755"]
[Annotator "NA RC"]
[PlyCount "43"]
[EventDate "2020.09.05"]
[EventType "team-tourn"]
[EventCountry "POL"]
[SourceTitle "playchess.com"]
[Source "ChessBase"]
[SourceQuality "1"]
[TimeControl "40/5400+30:900+30"]

1. e4 {[%emt 0:00:00]} c5 {[%emt 0:00:00]} 2. Nf3 {[%emt 0:00:11]} d6 {[%emt 0:00:00]} 3. c3 {[%emt 0:01:49]} Nf6 {[%emt 0:02:09]} 4. Bd3 {[%emt 0:00:48]} g6 {[%emt 0:03:40]} 5. h3 {[%emt 0:00:58]} Bg7 {[%emt 0:01:49]} 6. O-O {[%emt 0:00:08]} O-O {[%emt 0:00:09]} 7. Bc2 {[%emt 0:00:04]} Nc6 {[%emt 0:07:41]} 8. d4 {[%emt 0:00:24]} cxd4 {[%emt 0:11:13]} 9. cxd4 {[%emt 0:00:09]} d5 {[%emt 0:02:04]} 10. e5 {[%emt 0:00:57]} Ne4 {[%emt 0:00:52]} 11. Nc3 {[%emt 0:02:38]} Nxc3 {[%emt 0:19:31]} 12. bxc3 {[%emt 0:00:02]} f6 {[%emt 0:08:09]} 13. exf6 {[%emt 0:04:11]} Bxf6 {[%emt 0:04:28]} 14. Bh6 {[%emt 0:02:09]} Re8 {[%emt 0:02:05]} 15. Re1 {[%emt 0:21:56]} e5 {[%emt 0:03:15]} 16. dxe5 {[%emt 0:06:18]} Nxe5 {[%emt 0:00:11]} 17. Bb3 {[%emt 0:01:20]} Kh8 {[%emt 0:13:44]} 18. Bxd5 {[%emt 0:07:27]} Qc7 {[%emt 0:07:03]} 19. Ng5 {[%emt 0:03:02]} Bg7 {[%emt 0:10:25]} 20. Nf7+ {[%emt 0:05:11]} Qxf7 {[%emt 0:00:51]} 21. Bxf7 {[%emt 0:00:10]} Re7 {[%emt 0:00:36]} 22. Qd8+ {[%emt 0:00:15]} 1-0

[Event "POL-chT 2nd League-3 2020"]
[Site "Poronin"]
[Date "2020.09.10"]
[Round "6.24"]
[White "Rychlik, Hanna"]
[Black "Trusz, Julia"]
[Result "1-0"]
[WhiteElo "2053"]
[BlackElo "1675"]
[Annotator "TA"]
[PlyCount "53"]
[EventDate "2020.09.05"]
[EventType "team-tourn"]
[EventCountry "POL"]
[SourceTitle "playchess.com"]
[Source "ChessBase"]
[SourceQuality "1"]

{[%evp 16,53,65,70,112,79,104,103,116,113,120,115,131,131,153,154,158,157,153,152,156,159,170,145,251,251,241,245,393,402,355,339,561,551,739,736,898,894,4414,2864]} 1. d4 Nf6 2. c4 c5 3. d5 b5 4. Qc2 g6 5. e4 d6 6. cxb5 Bg7 7. Nc3 O-O 8. Nf3 a6 9. a4 Nbd7 {A57: Benko/Volga Gambit.} 10. h3 axb5 11. Bxb5 Ba6 {White is better.} 12. O-O Bxb5 13. Nxb5 Qb6 14. Be3 Qa5 15. Bd2 Qb6 16. Bc3 Rfb8 17. Nd2 Ne8 18. Nc4 Qd8 {[#]} 19. f4 $146 ({Predecessor:} 19. Bxg7 Kxg7 20. Qc3+ Kg8 21. Rfe1 Nc7 22. Nxc7 Qxc7 23. a5 Rb5 24. f4 Qb7 25. Ra3 Ra6 26. Rd1 {0-1 (73) Andueza Quezada,D (2176)-Michel Yunis,C (2366) Santiago de Chile 2008}) 19... Nc7 (19... Bxc3 $16 {was called for.} 20. Nxc3 Rb4) 20. Ba5 $18 Rxa5 21. Nxa5 {[#] Strongly threatening Nc6.} Nxb5 (21... Nxd5 $142 22. Nc6 (22. exd5 Qxa5 23. Rad1 Bf6 $16) 22... Nb4) 22. axb5 Rxb5 23. Nc6 Bd4+ $2 (23... Qe8 {is a better defense.} 24. e5 Rb7) 24. Kh1 {White is clearly winning.} Qb6 25. Nxd4 cxd4 26. Qc8+ {[%mdl 64] [#] Double Attack} Nf8 27. Ra8 {Black did not feel at home in the position after the opening. Accuracy: White = 92%, Black = 38%.} 1-0

[Event "POL-chT 2nd League-3 2020"]
[Site "Poronin"]
[Date "2020.09.11"]
[Round "7.1"]
[White "Sieciechowicz, Marcin"]
[Black "Steczek, Marcin"]
[Result "1/2-1/2"]
[WhiteElo "2382"]
[BlackElo "2359"]
[Annotator "TA"]
[PlyCount "55"]
[EventDate "2020.09.05"]
[EventType "team-tourn"]
[EventCountry "POL"]
[SourceTitle "playchess.com"]
[Source "ChessBase"]
[SourceQuality "1"]
[WhiteTeam "KSz Miedz II Legnica"]
[BlackTeam "TS-R HETMAN Konin"]
[BlackTeamCountry "POL"]

{[%evp 16,55,0,2,7,-8,11,9,23,16,45,45,51,48,44,46,46,45,52,56,50,0,0,0,9,0,10,7,7,0,2,-7,0,-1,6,4,55,0,0,0,4,12]} 1. d4 Nf6 2. c4 e6 3. Nc3 Bb4 4. e3 O-O 5. Nge2 d5 6. a3 Bd6 7. c5 Be7 8. Nf4 b6 9. b4 a5 {[#] White must now prevent ...axb4. E46: Nimzo-Indian: Rubinstein: 4 e3 0-0 5 Ne2 without early Bd3.} 10. Bd2 axb4 {has lost popularity (10...c6).} 11. axb4 {[%cal Ba3b4,Bb4c5][%mdl 32]} Rxa1 12. Qxa1 bxc5 13. bxc5 Nc6 14. Bb5 Bd7 15. O-O Qa8 16. f3 Rb8 17. Qxa8 Rxa8 {[#]} 18. Bxc6 $146 (18. Kf2 {is interesting.} Nd8 19. Be2 g5 20. Nd3 Nc6 21. Rb1) ({Predecessor:} 18. Nd3 Nd8 19. Rb1 Bxb5 20. Rxb5 Nd7 21. Rb2 c6 22. Ra2 Rxa2 23. Nxa2 e5 24. Nac1 {½-½ (56) Jussupow,A (2566)-Dgebuadze,A (2521) Germany 2010}) 18... Bxc6 19. Nd3 Nd7 20. Rb1 f6 21. Nb4 Nb8 $1 22. Be1 Be8 23. Bg3 Bd8 $1 24. e4 dxe4 25. fxe4 c6 ({Better is} 25... h6 $11) 26. Rb2 (26. Bd6 $14) 26... Be7 27. e5 f5 28. Ra2 {Accuracy: White = 85%, Black = 88%.} 1/2-1/2

[Event "POL-chT 2nd League-3 2020"]
[Site "Poronin"]
[Date "2020.09.11"]
[Round "7.2"]
[White "Smagalski, Slawomir"]
[Black "Grela, Kacper"]
[Result "0-1"]
[WhiteElo "1940"]
[BlackElo "2377"]
[Annotator "TA"]
[PlyCount "108"]
[EventDate "2020.09.05"]
[EventType "team-tourn"]
[EventCountry "POL"]
[SourceTitle "playchess.com"]
[Source "ChessBase"]
[SourceQuality "1"]
[WhiteTeam "TS-R HETMAN Konin"]
[BlackTeam "KSz Miedz II Legnica"]
[WhiteTeamCountry "POL"]

{[%evp 16,108,19,7,36,29,30,0,7,5,12,10,7,7,7,14,14,-9,-8,0,73,10,16,8,2,4,83,0,0,0,0,0,0,-4,0,-34,0,0,79,10,0,-17,-10,-51,-54,-83,-87,-91,-77,-316,-316,-339,-340,-352,-315,-335,-334,-323,-318,-288,-251,-353,-326,-606,-605,-597,-581,-549,-545,-627,-610,-702,-715,-882,-881,-721,-631,-1509,-978,-1534,-1359,-2422,-2333,-2297,-2141,-2240,-3009,-2526,-2402,-3010,-2839,-12838,-12826,-6631,-6337]} 1. Nf3 d5 2. c4 e6 3. g3 Nf6 4. Bg2 Be7 5. b3 O-O 6. Bb2 Nbd7 7. O-O b6 8. e3 Bb7 9. Qe2 Ne4 {A14: English Opening: 1...e6 with b3 by White.} 10. d3 Nd6 {[#]} 11. Ne5 $146 ({Predecessor:} 11. Nc3 Bf6 12. Rfd1 Qe7 13. cxd5 exd5 14. d4 Rfe8 15. Ba3 c6 16. Rac1 Qe6 17. Qf1 Be7 18. Bh3 f5 19. Ne2 g5 20. Bxd6 Qxd6 21. Bxf5 {1-0 (21) Bachmann,A (2662)-De Arruda Filho,N (1953) Cuiaba 2017}) 11... Nxe5 {The position is equal.} 12. Bxe5 Bf6 13. Qb2 Bxe5 14. Qxe5 c6 15. Nd2 Qd7 16. Qb2 c5 17. Rfd1 Nf5 (17... Rfd8 $11) 18. Nf3 (18. cxd5 $16 exd5 19. b4) 18... d4 19. e4 Ne7 20. b4 Qc7 (20... Nc6 $11) 21. Rab1 (21. bxc5 $16 bxc5 22. Rab1) 21... e5 $11 22. bxc5 Qxc5 23. Qb5 Qxb5 24. cxb5 f6 25. Rdc1 {And now Rc7 would win.} Bc8 26. Rc7 Kf7 (26... Ng6 $11) 27. Nd2 (27. Nh4 $16) 27... Be6 28. Nc4 Bxc4 29. Rxc4 (29. dxc4 {seems wilder.} Rfc8 30. Rb7 Rxc4 31. Bf1 Rc5 32. a4) 29... Rfc8 30. Rbc1 Rxc4 31. Rxc4 {[#]} Rc8 $1 32. Rxc8 $2 {Loses the game.} (32. Ra4 $17) 32... Nxc8 $17 {[%mdl 4096] Endgame KB-KN} 33. Bh3 Nd6 34. Bd7 {[#]} Nb7 $1 {[%cal Rb7c5]} 35. Bc6 Nc5 36. Bd5+ Ke7 37. Bc4 Na4 38. Bg8 (38. Kf1 $142) 38... h6 $19 39. h4 $2 (39. Kf1 Kd6 40. Ke2) 39... Nb2 {Black is clearly winning.} 40. Kf1 Nxd3 41. Ke2 Nb2 42. Bb3 {next Kd2 is good for White.} Kd6 43. f4 Kc5 44. fxe5 fxe5 45. Kf3 Nc4 46. Kg4 Nd6 47. Bc2 Kc4 48. Kh5 d3 49. Bb3+ Kd4 50. Kg6 Nxe4 51. g4 Nf2 52. g5 hxg5 53. h5 g4 54. Kxg7 g3 {Accuracy: White = 42%, Black = 79%.} 0-1

[Event "POL-chT 2nd League-3 2020"]
[Site "Poronin"]
[Date "2020.09.11"]
[Round "7.3"]
[White "Kowalak, Piotr"]
[Black "Papka, Sebastian"]
[Result "1/2-1/2"]
[WhiteElo "2105"]
[BlackElo "2139"]
[Annotator "TA"]
[PlyCount "71"]
[EventDate "2020.09.05"]
[EventType "team-tourn"]
[EventCountry "POL"]
[SourceTitle "playchess.com"]
[Source "ChessBase"]
[SourceQuality "1"]
[WhiteTeam "KSz Miedz II Legnica"]
[BlackTeam "TS-R HETMAN Konin"]
[BlackTeamCountry "POL"]

{[%evp 9,71,53,58,46,54,45,45,42,42,32,70,40,51,0,0,0,12,12,37,0,17,0,18,14,18,4,27,10,19,16,8,12,15,29,7,7,45,8,16,25,27,12,46,33,41,0,41,0,32,-22,-20,-20,-8,-3,13,-15,-13,-12,-17,-20,-19,-20,-18,-18]} 1. e4 d5 2. exd5 Nf6 3. d4 Nxd5 4. Nf3 e6 5. Be2 c5 6. c4 {B01: Scandinavian Defence.} Nf6 7. O-O Nc6 {[%cal Rc5d4]} 8. Be3 {White is slightly better.} cxd4 9. Nxd4 Bd7 10. Nc3 Be7 {[#]} 11. Ndb5 $146 (11. Qd2 $14) ({Predecessor:} 11. Bf3 O-O 12. a3 Qb8 13. Nxc6 Bxc6 14. Bxc6 bxc6 15. b4 Qe5 16. Bd4 Qf5 17. Qe2 {½-½ (77) Alcer,F (1732)-Donath,J (1958) Oberhof 2013}) 11... Qb8 $11 12. Qd2 a6 13. Nd4 O-O 14. Nb3 Bd6 15. h3 Bh2+ 16. Kh1 {[#] Threatens to win with g3.} Bc7 17. Rad1 Ne7 {[%cal Bc6e7,Be7f5,Bf5e3][%mdl 32]} 18. Ne4 Nxe4 19. Qxd7 Nf5 20. Qd3 Nxe3 21. Qxe3 Nf6 22. Bf3 Ra7 23. Rd3 b6 24. Rfd1 Bf4 25. Qe2 Rc7 26. g3 Bh6 27. Rc3 Rd8 28. Kg2 g6 29. Nd4 (29. c5 $14) 29... Qc8 {The position is equal.} 30. b3 Bf8 31. Rcd3 Bc5 32. Nc2 Rxd3 33. Rxd3 Rd7 34. Qd1 Rxd3 35. Qxd3 a5 36. Ne3 {Accuracy: White = 66%, Black = 84%.} 1/2-1/2

[Event "POL-chT 2nd League-3 2020"]
[Site "Poronin"]
[Date "2020.09.11"]
[Round "7.4"]
[White "Walaszczyk, Witold"]
[Black "Madera, Mateusz"]
[Result "0-1"]
[WhiteElo "2028"]
[BlackElo "1945"]
[Annotator "TA"]
[PlyCount "90"]
[EventDate "2020.09.05"]
[EventType "team-tourn"]
[EventCountry "POL"]
[SourceTitle "playchess.com"]
[Source "ChessBase"]
[SourceQuality "1"]
[WhiteTeam "TS-R HETMAN Konin"]
[BlackTeam "KSz Miedz II Legnica"]
[WhiteTeamCountry "POL"]

{[%evp 19,90,15,12,-12,0,-8,-3,-16,0,-38,-35,-120,-88,-97,-54,-56,-29,-41,-28,-33,-26,-34,-2,-4,0,-281,-293,-291,-232,-225,-223,-229,-231,-210,-218,-401,-406,-402,-245,-245,-245,-309,-304,-293,-294,-293,-307,-576,-576,-576,-543,-543,-543,-543,-543,-759,-731,-1902,-1687,-1580,-995,-1650,-1203,-2777,-2371,-2124,-1856,-29974,-29974,-29980,-29981,-29981,-29980]} 1. d4 Nf6 2. Nf3 e6 3. g3 c5 4. c4 cxd4 5. Nxd4 d5 6. Bg2 e5 7. Nf3 d4 8. O-O Nc6 9. e3 Be7 10. exd4 exd4 11. b3 {E01: Catalan: Early deviations.} O-O 12. Bb2 {[%cal Rf3d4]} Bc5 13. a3 {The position is equal.} a5 14. h3 (14. b4 $5 Qb6 15. b5 $11) 14... Re8 {[#]} 15. Ne1 $146 ({Better is} 15. b4 $1 $15 {[%mdl 512]} axb4 16. axb4 Rxa1 17. Bxa1 Nxb4 18. Bxd4 Bxd4 19. Qxd4) ({Predecessor:} 15. Qd3 Be6 16. Ng5 Ne5 17. Qd1 Bf5 18. Nd2 Nd3 19. Bc1 h6 20. Ngf3 Qd7 21. Kh2 Nxc1 22. Qxc1 {½-½ (46) Hagenstein,F (2194)-Westphal,B (2143) Germany 2005}) 15... Bf5 $17 16. Nd3 Bxd3 17. Qxd3 Qd6 (17... Ne5 $5 {[%cal Re5d3]} 18. Qf5 g6 $15) 18. Nd2 Ne5 $36 {[%mdl 2048] Black is pushing.} 19. Qf5 g6 20. Qf4 Nh5 21. Qe4 Nf6 22. Qxb7 $2 {[%mdl 8192] Black continues to play with concentration.} (22. Qf4 $11 {and White is okay.}) 22... Rab8 $19 23. Ne4 {[#]} Nf3+ $1 {[%mdl 512]} 24. Bxf3 Nxe4 (24... Rxb7 $2 {loses.} 25. Nxd6 Rxb3 26. Nxe8 $18) 25. Qd5 Qxd5 ({Don't play} 25... Rxb3 26. Bxe4 Rxb2 27. Bd3 $17) 26. cxd5 Nd2 {[%mdl 64] Double Attack} ({Much less strong is} 26... Rxb3 27. Bxe4 Rxb2 28. Bd3 $17) 27. Rfc1 $2 (27. Bd1 {is a better defense.}) 27... Nxf3+ 28. Kg2 Nd2 29. Rxc5 Nxb3 {[%mdl 64] Double Attack} 30. Rc4 Nxa1 31. Bxa1 {[%mdl 4096] Endgame KRR-KRB} d3 32. Bc3 Rbc8 33. Rc6 $2 (33. Rxc8 {only move.} Rxc8 34. Bxa5) 33... Rxc6 34. dxc6 {KR-KB} Rc8 35. Bxa5 Rxc6 36. Kf3 Re6 37. Bb4 f5 38. h4 Kf7 39. Bc3 Re4 40. a4 Ke6 41. a5 Kd5 42. Bd2 Kc4 43. g4 Kb3 {Black mates.} 44. gxf5 gxf5 45. a6 Ra4 {Accuracy: White = 39%, Black = 72%.} 0-1